| 000 | 01063cab a2200301 4500 | ||
|---|---|---|---|
| 001 | ABS58731 | ||
| 008 | 090401t1998 xxu||||| |||| 00| 0 eng d | ||
| 035 | _a(Sirsi) u86437 | ||
| 041 | _aeng | ||
| 100 | _aSmith, P. | ||
| 245 | _aResidential sub-tenancies revisited | ||
| 260 | _c1998 | ||
| 350 | _a0 | ||
| 490 |
_aRent Review & Lease Renewal _v18(2) 1998, 109-118(10) |
||
| 520 | _aExamines the background to the Rent Act 1977 s137(3) which governs the protection of a sub-tenant of premises held by an intermediate lessee under a tenancy granted before 1989. Questions recent interpretation of these provisions in "Church Commissioners for England v Baines et al". | ||
| 650 | _aASSURED TENANCIES | ||
| 650 | _aCHURCH COMMISSIONERS FOR ENGLAND V BAINES | ||
| 650 | _aFLATS ABOVE SHOPS | ||
| 650 | _aHEADLEASE | ||
| 650 | _aPROTECTED TENANCIES | ||
| 650 | _aRENT ACT 1977 S137(3) | ||
| 650 | _aSUB-LETTING | ||
| 650 | _aSUBTENANCIES | ||
| 650 | _aUNDERLEASE | ||
| 690 |
_aLandlord and tenant _96252 |
||
| 942 | _n0 | ||
| 948 | _c28/05/1998 | ||
| 999 |
_c54403 _d54403 |
||